000 00715nas a2200265 4500
001 BR9204349
003 BR-BrBNA
005 20231205092724.0
007 ta
008 230509b bl.|||p| |||| 00| 00por d
040 _aBR-BrBNA
_bpor
_cBiblioteca Nacional de Agricultura
041 _a(Pt)
072 _aQ02
100 1 _aAnon.
245 1 _aConservacao de alimento: carne longa vida
650 _aPRESERVACAO DE ALIMENTO
650 _aSUÍNO
650 _aCARNE DEFUMADA
650 _aCARNE SALGADA
650 _aCARNE CONGELADA
650 _aPRATICO
773 0 _tGranja do Ano (Brazil)
_x
_g(1988), (no. 3) p. 34-39
_wBR9204349
909 _a202311
_bLúcia
_c55
_dLúcia Elande
942 _2AGRIS
_n0
_cANA
999 _c133677
_d133677